000
00393nam a2200145Ia 4500
008
090124s9999 xx 000 0 und d
082
_b
206124
245
_a
एक पेड की याद
250
_a
1
260
_b
जोशी शेखर
_c
2003
300
_a
111
630
_a
एक पेड की याद
730
_a
एक पेड की याद
942
_c
BOOK
999
_c
187708
_d
187708